Napisz najdłuższą rzeke każdego państwa. - Statystyki

Ogólne statystyki
  • Ten quiz został rozwiązany 52 razy
  • Średni wynik to 40 z 194
Statystyki odpowiedzi
Hint Odpowiedź % Poprawnych
Polska Wisła
94%
Brazylia Amazonka
89%
Austria | Chorwacja | Niemcy | Rumunia Dunaj
81%
Burundi | Egipt | Erytrea | +3 others Nil
81%
Chile Loa
67%
Francja Loara
64%
Chiny Jangcy
56%
Rosja Lena
56%
Holandia (niderlandy) | Liechtenstein | Szwajcaria Ren
56%
Bangladesh | Indie Ganges
53%
Litwa Niemen
50%
Irak | Kuwejt Tygrys
50%
Białoruś | Ukraina Dniepr
47%
Syria Eufrat
44%
Demokratyczna Republika Konga | Kongo | Republika Środkowoafry- kańska Kongo
44%
Stany Zjednoczone Missouri
44%
Gwinea | Mali | Niger | Nigeria Niger
44%
Laos Mekong
39%
Australia Murray
39%
Hiszpania Ebro
36%
Pakistan Indus
36%
Wenezuela Orinoko
36%
Meksyk Rio Grande
36%
Watykan Tyber
36%
Antigua I barbuda | Bahrajn | Bamamy | +24 others Brak
33%
Mołdawia Dniestr
33%
Czechy Wełtawa
33%
Argentyna Parana
31%
Mozambik | Zambia Zambezi
31%
Gambia Gambia
28%
Serbia | Słowenia Sawa
28%
Tadżykistan Amu-daria
25%
Izrael Jordan
25%
Belgia Moza
25%
Paragwaj Paragwaj
25%
Botswana | Zimbabwe Limpopo
22%
Kanada Mackenzie
22%
Lesotho | Republika Południowej Afryki Oranje
22%
Uzbekistan Syr-daria
22%
Mauretania | Senegal Senegal
17%
Wielka Brytania Severn
17%
Azerbajdzan Kur
14%
Urugwaj Urugwaj
14%
Węgry Cisa
11%
Gruzja Kura
11%
Czad Szari
11%
Angola Kasai
8%
Wietnam Rzeka czerwona
8%
Słowacja Wag
8%
Macedonia Północna Wardar
8%
Belize Belize
6%
Albania Drin
6%
Norwegia Glomma
6%
Afganistan Helmand
6%
Kamerun Sanaga
6%
San Marino San Marino
6%
Grecja Aliakmon
3%
Armenia Araz
3%
Bosnia Hercegowina Bosna
3%
Togo Burkina Faso
3%
Nikaragua Coco
3%
Gujana Essequibo
3%
Mjanma (birma) Irrawaddy
3%
Bułgaria Iskyr
3%
Rwanda Kagera
3%
Kolumbia Magdalena
3%
Boliwia Mamore
3%
Bhutan Manas-czu
3%
Madagascar Mangoky
3%
Kambodża Mekongu
3%
Gabon Ogowe
3%
Benin Oueme
3%
Honduras Patuca
3%
Tanzania Rufidżi
3%
Kostaryka San Juan
3%
Papua nowa gwinea Sepik
3%
Sierra leone Sierra Leone
3%
Kenia Tana
3%
Andora Valira
3%
Arabia Saudyjska Wadiar Rimma
3%
Algieria Wadi asz-szalif
3%
Nowa zelandia Waikato
3%
Malta Andrepno
0%
Haiti Artibonite
0%
Etiopia Atbara
0%
Wybrzeże kosci słoniowej Bandama
0%
Jordania Banias
0%
Malezja Batang Rajang
0%
Filipiny Cagayan
0%
Trynidad i Tobago Caroni
0%
Liberia Cavalla
0%
Panama Chagres
0%
Tajlandia Chao Phraya
0%
Dżibuti Dafarre
0%
Ekwador Esmeraldas
0%
Namibia Fish River
0%
Gwina Bissau Geba
0%
Dania Gudena
0%
Jemen Hadramaut
0%
Dominika Indian River
0%
Kazachstan irkysz
0%
Irlandia Jernus
0%
Peru Jurua
0%
Singapur Kallang
0%
Indonezja Kapuas
0%
Nepal Karnala
0%
Iran Karun
0%
Finlandia Kemijoki
0%
Turcja Kizilirmak
0%
Szwecja Lagan
0%
Salwador Lempa
0%
Liban Litani
0%
Sri lanka Mahaweli Ganga
0%
Gwatemala Motagua
0%
Korea Poł. Naktong-gang
0%
Kirgistan Naryn
0%
Malawi Niasa
0%
Mongolia Orchon
0%
Włochy Padus
0%
Cypr Pedieos
0%
Islandia Pjorsa
0%
Ghana Pra
0%
Fidżi | Samoa Reva
0%
Gwinea Równikowa Rio Benito
0%
Kuba Rio Cauto
0%
Timor Wschodni Rio de lols
0%
Eswatini (suazi) Rio Maputo
0%
Jamajka Rio Minho
0%
Mauritius Rivicre Noire
0%
Somalia Shebelle
0%
Japonia Shinano
0%
Brunei Sungai Tutong
0%
Luksemburg Sure
0%
Surinam Suriname River
0%
Korea Płn. Taedong-gang
0%
Czarnogóra Tara
0%
Portugalia Tejo
0%
Estonia Vohandu
0%
Tunezją Wadi Madżarda
0%
Maroko Wadi Sabu
0%
Libia Wielka sztuczna rzeka
0%
Łotwa Windawa
0%
Burkina Faso Wolta Biała
0%
Dominikana Yaque del Norte
0%
Nie znaleziono quizów pasujących do podanych kryteriów
Rozkład punktacji
Procent ludzi z każdym wynikiem
Percentyl według liczby udzielonych odpowiedzi
Twoja historia wyników
Nie rozwiązałeś tego quizu